[Event "DVM U20 2009"]
[Site "Chemnitz GER"]
[Date "2009.12.27"]
[Round "1"]
[White "Giss, Arthur"]
[Black "Lange, Jan-David"]
[Result "1-0"]
[Termination "normal"]
[Board "4.3"]
[WhiteElo "2027"]
[BlackElo "2118"]
[WhiteTeam "SC Dillingen"]
[BlackTeam "SC Tamm 74"]
[PlyCount "85"]
[WhiteFideId "24667560"]
[BlackFideId "24614963"]
[EventCountry "GER"]
[EventRounds "7"]
[EventType "team-swiss"]
[EventDate "2009.12.26"]

1. e4 c5 2. Nf3 Nc6 3. d4 cxd4 4. Nxd4 Nf6 5. Nc3 d6 6. Be3 Ng4 7. Bb5 Nxe3 8.
fxe3 Bd7 9. O-O e6 10. Bxc6 bxc6 11. e5 d5 12. Qf3 Qe7 13. Rf2 g6 14. Raf1 Bh6
15. Qh3 Bg7 16. Rxf7 Qxf7 17. Rxf7 Kxf7 18. Nf3 h6 19. Qg4 Rhc8 20. Ne2 Rab8
21. b3 g5 22. h4 gxh4 23. Nf4 Rg8 24. Qh5+ Ke7 25. Qxh4+ Ke8 26. Nd4 Kf7 27.
Qh5+ Ke7 28. Ng6+ Kd8 29. Qh4+ Kc7 30. Qe7 Rbe8 31. Qd6+ Kc8 32. Nxc6 Bxc6 33.
Qxc6+ Kb8 34. Qd6+ Ka8 35. Ne7 Rgf8 36. Qxe6 Rb8 37. Nxd5 Rb7 38. c4 Rbf7 39.
Qc6+ Kb8 40. Nf4 h5 41. e6 Rb7 42. Qd6+ Ka8 43. e7 1-0

[Event "DVM U20 2009"]
[Site "Chemnitz GER"]
[Date "2009.12.27"]
[Round "1"]
[White "Grünke, Paul"]
[Black "Kaiser, Sören"]
[Result "1-0"]
[Termination "normal"]
[Board "4.5"]
[WhiteElo "2107"]
[BlackElo "1804"]
[WhiteTeam "SC Dillingen"]
[BlackTeam "SC Tamm 74"]
[PlyCount "41"]
[WhiteFideId "24647802"]
[BlackFideId "24669628"]
[EventCountry "GER"]
[EventRounds "7"]
[EventType "team-swiss"]
[EventDate "2009.12.26"]

1. e4 g6 2. d4 Bg7 3. Be3 d6 4. Nc3 Nc6 5. Qd2 e5 6. d5 Nce7 7. O-O-O h6 8. f3
f5 9. Bb5+ Bd7 10. g4 fxg4 11. fxg4 Bxb5 12. Nxb5 Nf6 13. g5 Nxe4 14. Qa5 Nxd5
15. Rxd5 c6 16. Nc7+ Kd7 17. Nxa8 Qxa8 18. Rd1 d5 19. Nf3 b6 20. Qa4 b5 21.
Qxe4 1-0

[Event "DVM U20 2009"]
[Site "Chemnitz GER"]
[Date "2009.12.27"]
[Round "1"]
[White "Döring, Stefan"]
[Black "Schwarz, Andreas"]
[Result "1-0"]
[Termination "normal"]
[Board "4.6"]
[WhiteElo "1552"]
[BlackElo "1925"]
[WhiteTeam "SC Tamm 74"]
[BlackTeam "SC Dillingen"]
[PlyCount "60"]
[WhiteFideId "1272047"]
[BlackFideId "24631795"]
[EventCountry "GER"]
[EventRounds "7"]
[EventType "team-swiss"]
[EventDate "2009.12.26"]

1. d4 d5 2. c4 e6 3. Nf3 Nf6 4. g3 Nbd7 5. Bg2 Be7 6. O-O O-O 7. Bf4 c5 8. Ne5
cxd4 9. cxd5 Nxd5 10. Bxd5 exd5 11. Qxd4 Nf6 12. Nc3 Qa5 13. Nd3 Be6 14. b4 Qa6
15. a4 Rac8 16. Nb5 Rc4 17. Qxa7 Qxa7 18. Nxa7 Bxb4 19. Nxb4 Rxb4 20. Bd6 Rb2
21. Bxf8 Kxf8 22. Rab1 Rxe2 23. Rxb7 Ne4 24. Nc6 g6 25. Nd4 Ra2 26. Nxe6+ fxe6
27. Rc1 Nd6 28. Rxh7 Rxa4 29. Rb1 Kg8 30. Rd7 Nc8 1-0

[Event "DVM U20 2009"]
[Site "Chemnitz GER"]
[Date "2009.12.27"]
[Round "1"]
[White "Geshnizjani, Ramin Tobias"]
[Black "Zelbel, Patrick"]
[Result "0-1"]
[Termination "normal"]
[Board "5.1"]
[BlackTitle "FM"]
[WhiteElo "2096"]
[BlackElo "2346"]
[WhiteTeam "Heilbronner SV"]
[BlackTeam "Schachfreunde Brackel 1930 e.V."]
[PlyCount "70"]
[WhiteFideId "24633089"]
[BlackFideId "24624322"]
[EventCountry "GER"]
[EventRounds "7"]
[EventType "team-swiss"]
[EventDate "2009.12.26"]

1. e4 e5 2. Nf3 Nc6 3. Bb5 f5 4. d3 fxe4 5. dxe4 Nf6 6. Nc3 Bb4 7. O-O Bxc3 8.
bxc3 O-O 9. Qd3 Qe8 10. Bg5 d6 11. c4 Bg4 12. Nd2 Nd7 13. Be3 Qg6 14. f3 Bh3
15. Rf2 Rad8 16. Nb3 Rxf3 17. Raf1 Rdf8 18. Qe2 Bxg2 19. Rxg2 Rxf1+ 20. Qxf1
Rxf1+ 21. Kxf1 Qxe4 22. Bh6 Qf3+ 23. Kg1 Qxg2+ 24. Kxg2 gxh6 25. c5 Nxc5 26.
Nxc5 dxc5 27. c3 Kf7 28. Kf3 Kf6 29. Ke4 Ne7 30. Bd7 c4 31. Bh3 c6 32. Bf1 b5
33. a4 Nd5 34. axb5 Nxc3+ 35. Ke3 cxb5 0-1

[Event "DVM U20 2009"]
[Site "Chemnitz GER"]
[Date "2009.12.27"]
[Round "1"]
[White "Strathoff, Jens"]
[Black "Luo, Xinping"]
[Result "1/2-1/2"]
[Termination "normal"]
[Board "5.2"]
[WhiteElo "2075"]
[BlackElo "2130"]
[WhiteTeam "Schachfreunde Brackel 1930 e.V."]
[BlackTeam "Heilbronner SV"]
[PlyCount "78"]
[WhiteFideId "4699084"]
[BlackFideId "4648951"]
[EventCountry "GER"]
[EventRounds "7"]
[EventType "team-swiss"]
[EventDate "2009.12.26"]

1. e4 d5 2. exd5 Qxd5 3. Nc3 Qd6 4. d4 Nf6 5. Nf3 a6 6. g3 b5 7. Bg2 Bb7 8. O-O
Nbd7 9. Bf4 Qb6 10. a4 b4 11. a5 Qa7 12. Na4 Nd5 13. Bd2 e6 14. c4 bxc3 15.
bxc3 N5f6 16. Rb1 Be4 17. Rb2 Rb8 18. Re1 Rxb2 19. Nxb2 Qb7 20. Nc4 Bd5 21. Qe2
Be7 22. Ne3 Be4 23. Ng5 Bxg2 24. Nxg2 O-O 25. Nf4 h6 26. Nf3 c5 27. Ne5 cxd4
28. cxd4 Nxe5 29. dxe5 Nd5 30. Nh5 Kh8 31. h4 Qb3 32. Qxa6 Bc5 33. Kg2 Rb8 34.
Qe2 Qa2 35. Bc1 Qxe2 36. Rxe2 Ra8 37. Bd2 Bb4 38. Bxb4 Nxb4 39. Nf4 Rxa5
1/2-1/2

[Event "DVM U20 2009"]
[Site "Chemnitz GER"]
[Date "2009.12.27"]
[Round "1"]
[White "Häusinger, Benjamin"]
[Black "Kartsev, Alexandr"]
[Result "0-1"]
[Termination "normal"]
[Board "5.3"]
[WhiteElo "1985"]
[BlackElo "2056"]
[WhiteTeam "Heilbronner SV"]
[BlackTeam "Schachfreunde Brackel 1930 e.V."]
[PlyCount "76"]
[WhiteFideId "24659576"]
[BlackFideId "24647110"]
[EventCountry "GER"]
[EventRounds "7"]
[EventType "team-swiss"]
[EventDate "2009.12.26"]

1. Nf3 c5 2. c4 Nf6 3. Nc3 Nc6 4. e3 g6 5. d4 cxd4 6. exd4 Bg7 7. d5 Nb4 8. a3
Na6 9. Be3 O-O 10. Be2 d6 11. Nd4 Nc5 12. Rc1 Bd7 13. Bf3 Bf5 14. Nxf5 gxf5 15.
Bxc5 dxc5 16. O-O Rc8 17. Qc2 Qd7 18. Rfe1 a6 19. Rcd1 Ne8 20. Na4 Rc7 21. Be2
Bd4 22. b4 b5 23. Nxc5 Bxc5 24. bxc5 Rxc5 25. Qb3 Nd6 26. cxb5 axb5 27. Qe3 Rc7
28. Qd4 Ra8 29. Rd3 Ne4 30. Bf3 Ra4 31. Qb6 Rb7 32. Qh6 Qd6 33. Qh3 Ng5 34.
Qxf5 h6 35. Qc8+ Kg7 36. Qxb7 Rh4 37. g3 Qg6 38. Qxb5 Rd4 0-1

[Event "DVM U20 2009"]
[Site "Chemnitz GER"]
[Date "2009.12.27"]
[Round "1"]
[White "Wang, Julia"]
[Black "Zemella, Christian"]
[Result "1/2-1/2"]
[Termination "normal"]
[Board "5.5"]
[WhiteElo "1660"]
[BlackElo "2081"]
[WhiteTeam "Heilbronner SV"]
[BlackTeam "Schachfreunde Brackel 1930 e.V."]
[PlyCount "87"]
[WhiteFideId "24692565"]
[BlackFideId "24620580"]
[EventCountry "GER"]
[EventRounds "7"]
[EventType "team-swiss"]
[EventDate "2009.12.26"]

1. e4 c5 2. Nc3 Nc6 3. f4 e6 4. Nf3 d5 5. exd5 exd5 6. d4 Nf6 7. Be2 cxd4 8.
Nxd4 Bc5 9. Be3 Qe7 10. Qd2 O-O 11. O-O Re8 12. Bf2 Ne4 13. Nxe4 Bxd4 14. Ng3
Bxb2 15. Rae1 d4 16. Bg4 Qf8 17. Rxe8 Qxe8 18. f5 Bc3 19. Qg5 f6 20. Qf4 Qe5
21. Qf3 Ne7 22. Ne4 Bxf5 23. Nxc3 Bxg4 24. Qxb7 Rb8 25. Qxa7 Nc6 26. Qa4 dxc3
27. Bg3 Qc5+ 28. Bf2 Qd5 29. Qxg4 Ne5 30. Qg3 Rc8 31. Be3 Ng6 32. Qg4 Re8 33.
Qd4 Qxd4 34. Bxd4 Re2 35. Rf2 Re1+ 36. Rf1 Re2 37. Rf2 Re1+ 38. Rf1 Re2 39. Rc1
Nf4 40. g3 Re4 41. gxf4 Rxd4 42. Rf1 Ra4 43. Rf3 Rxa2 44. Rxc3 1/2-1/2

[Event "DVM U20 2009"]
[Site "Chemnitz GER"]
[Date "2009.12.27"]
[Round "1"]
[White "Rudolf, Sebastian"]
[Black "Friedrich, Wiede"]
[Result "1-0"]
[Termination "normal"]
[Board "6.1"]
[WhiteElo "2201"]
[BlackElo "2114"]
[WhiteTeam "SG Grün-Weiß Dresden"]
[BlackTeam "USV Potsdam"]
[PlyCount "75"]
[WhiteFideId "24609390"]
[BlackFideId "24629537"]
[EventCountry "GER"]
[EventRounds "7"]
[EventType "team-swiss"]
[EventDate "2009.12.26"]

1. e4 e5 2. Nf3 Nc6 3. d4 exd4 4. Nxd4 Nf6 5. Nc3 Bb4 6. Nxc6 bxc6 7. Bd3 O-O
8. O-O d5 9. exd5 cxd5 10. Bg5 c6 11. Qf3 h6 12. Bxf6 Qxf6 13. Qxf6 gxf6 14.
Na4 Bg4 15. c3 Bd6 16. Rae1 Rfe8 17. c4 Bb4 18. Rxe8+ Rxe8 19. f3 Bd7 20. a3
Bd2 21. Rd1 Be3+ 22. Kf1 d4 23. Nc5 Be6 24. b4 f5 25. g3 f4 26. g4 h5 27. h3
Kg7 28. Rb1 hxg4 29. hxg4 Bc8 30. Kg2 f5 31. gxf5 Kf6 32. Ne4+ Ke5 33. Rh1 Bxf5
34. Rh5 Rg8+ 35. Kh2 Rg7 36. Nc5 Rf7 37. Kh1 Bc1 38. Bxf5 1-0

[Event "DVM U20 2009"]
[Site "Chemnitz GER"]
[Date "2009.12.27"]
[Round "1"]
[White "Zahn, Benno"]
[Black "Schnoor, Ekkehard"]
[Result "1-0"]
[Termination "normal"]
[Board "6.2"]
[WhiteElo "1983"]
[BlackElo "1997"]
[WhiteTeam "USV Potsdam"]
[BlackTeam "SG Grün-Weiß Dresden"]
[PlyCount "47"]
[WhiteFideId "24636070"]
[BlackFideId "24639753"]
[EventCountry "GER"]
[EventRounds "7"]
[EventType "team-swiss"]
[EventDate "2009.12.26"]

1. e4 c5 2. Nf3 d6 3. d4 cxd4 4. Nxd4 Nf6 5. Nc3 a6 6. Bg5 e6 7. f4 Qb6 8. Qd2
Qxb2 9. Rb1 Qa3 10. e5 dxe5 11. fxe5 Nfd7 12. Ne4 h6 13. Bh4 Qxa2 14. Rd1 Qd5
15. Qe3 Qxe5 16. Nf3 Qa5+ 17. Rd2 Nc6 18. Nd4 Nde5 19. Nxc6 Nxc6 20. Bc4 Be7
21. Bxe7 Kxe7 22. O-O Qe5 23. Qa3+ Ke8 24. Nd6+ 1-0

[Event "DVM U20 2009"]
[Site "Chemnitz GER"]
[Date "2009.12.27"]
[Round "1"]
[White "Kunze, Christopher"]
[Black "Penne, Bo"]
[Result "1-0"]
[Termination "normal"]
[Board "6.3"]
[WhiteElo "1948"]
[BlackElo "1990"]
[WhiteTeam "SG Grün-Weiß Dresden"]
[BlackTeam "USV Potsdam"]
[PlyCount "93"]
[WhiteFideId "4647998"]
[BlackFideId "24642193"]
[EventCountry "GER"]
[EventRounds "7"]
[EventType "team-swiss"]
[EventDate "2009.12.26"]

1. e4 e6 2. d3 d5 3. Nd2 Nf6 4. g3 Bc5 5. Bg2 c6 6. Ngf3 O-O 7. O-O Re8 8. c3
dxe4 9. dxe4 a5 10. Qc2 Na6 11. Nb3 Bb6 12. Rd1 Qe7 13. Bg5 e5 14. Nbd2 h6 15.
Nc4 Bc7 16. Be3 Nc5 17. Nh4 Ng4 18. Bc1 b5 19. Ne3 Nxe3 20. Bxe3 Nb7 21. Nf5
Qf6 22. a4 Nd6 23. Nxd6 Bxd6 24. Rd2 Rd8 25. axb5 cxb5 26. Bb6 Re8 27. Rxa5
Rxa5 28. Bxa5 Bc5 29. Qd3 Qa6 30. b4 Bb6 31. Bf1 Bxa5 32. bxa5 Qxa5 33. Qxb5
Qxb5 34. Bxb5 Rf8 35. Bc6 Ba6 36. Bd5 Rc8 37. Ra2 Bc4 38. Ra8 Rxa8 39. Bxa8 Kf8
40. Bd5 Bd3 41. f4 f5 42. fxe5 fxe4 43. Kf2 Ke7 44. Ke3 Bb1 45. Bxe4 Ba2 46.
Kd4 Ke6 47. c4 1-0

[Event "DVM U20 2009"]
[Site "Chemnitz GER"]
[Date "2009.12.27"]
[Round "1"]
[White "Belger, Christian"]
[Black "Zimmermann, René"]
[Result "1-0"]
[Termination "normal"]
[Board "6.4"]
[WhiteElo "1974"]
[BlackElo "2044"]
[WhiteTeam "USV Potsdam"]
[BlackTeam "SG Grün-Weiß Dresden"]
[PlyCount "45"]
[WhiteFideId "24622940"]
[BlackFideId "24624349"]
[EventCountry "GER"]
[EventRounds "7"]
[EventType "team-swiss"]
[EventDate "2009.12.26"]

1. e4 e6 2. d4 d5 3. Nc3 Bb4 4. e5 Ne7 5. a3 Bxc3+ 6. bxc3 c5 7. Qg4 O-O 8. Bd3
Nbc6 9. Qh5 Ng6 10. Be3 Qc7 11. Nf3 c4 12. Bxg6 fxg6 13. Qg4 Ne7 14. h4 Nf5 15.
Bd2 Bd7 16. Ng5 Nh6 17. Qe2 Qa5 18. g4 b5 19. h5 gxh5 20. Rxh5 Rae8 21. Nxh7
Kxh7 22. g5 Rf7 23. gxh6 1-0

[Event "DVM U20 2009"]
[Site "Chemnitz GER"]
[Date "2009.12.27"]
[Round "1"]
[White "Marsel, Patrick"]
[Black "Henschel, Tobias"]
[Result "1/2-1/2"]
[Termination "normal"]
[Board "6.5"]
[WhiteElo "1976"]
[BlackElo "1903"]
[WhiteTeam "SG Grün-Weiß Dresden"]
[BlackTeam "USV Potsdam"]
[PlyCount "80"]
[WhiteFideId "24623741"]
[BlackFideId "24601624"]
[EventCountry "GER"]
[EventRounds "7"]
[EventType "team-swiss"]
[EventDate "2009.12.26"]

1. d4 Nf6 2. c4 e6 3. Nc3 d5 4. Bg5 Be7 5. e3 Nbd7 6. Nf3 O-O 7. b3 h6 8. Bxf6
Nxf6 9. Bd3 b6 10. O-O Bb7 11. Ne5 Rc8 12. Nb5 c6 13. Nxa7 Rc7 14. cxd5 Nxd5
15. Rc1 Qa8 16. e4 Qxa7 17. exd5 exd5 18. Rc2 Bd6 19. Ng4 Ba6 20. Ne3 Re8 21.
Nf5 Re6 22. Re2 Bf4 23. Rxe6 fxe6 24. Bxa6 Qxa6 25. Qg4 Bxh2+ 26. Kxh2 exf5 27.
Qf4 Rf7 28. Re1 Qc8 29. Re3 Qc7 30. Kg3 Qd8 31. Re6 Rf6 32. Qe5 Kf7 33. Rxf6+
gxf6 34. Qxf5 Qd6+ 35. Kf3 Kg7 36. Qg4+ Kf7 37. Qh4 Qb4 38. Qf4 Qc3+ 39. Kg4 b5
40. Qe3 Qc2 1/2-1/2

[Event "DVM U20 2009"]
[Site "Chemnitz GER"]
[Date "2009.12.27"]
[Round "1"]
[White "Buchta, Moritz"]
[Black "Nitze, Florian"]
[Result "0-1"]
[Termination "normal"]
[Board "6.6"]
[WhiteElo "1273"]
[BlackElo "1719"]
[WhiteTeam "USV Potsdam"]
[BlackTeam "SG Grün-Weiß Dresden"]
[PlyCount "52"]
[BlackFideId "24603902"]
[EventCountry "GER"]
[EventRounds "7"]
[EventType "team-swiss"]
[EventDate "2009.12.26"]

1. e4 e6 2. d4 c5 3. Nf3 cxd4 4. Nxd4 Nc6 5. Be3 Nf6 6. Nc3 a6 7. f4 Bb4 8. e5
Nd5 9. Qd2 Qa5 10. Nde2 Nxe3 11. Qxe3 Ne7 12. O-O-O Nf5 13. Qf3 Bc5 14. Rd3 d5
15. exd6 Nxd6 16. Nd4 Qc7 17. a3 Rb8 18. Nb3 Ba7 19. Rd2 Nf5 20. Rd3 b5 21. Nd1
Bb7 22. Qg4 O-O 23. Be2 Rfd8 24. Rxd8+ Rxd8 25. Bf3 Be3+ 26. Nxe3 Nxe3 0-1

[Event "DVM U20 2009"]
[Site "Chemnitz GER"]
[Date "2009.12.27"]
[Round "1"]
[White "Siebarth, Raiko"]
[Black "Högy, Kevin"]
[Result "1/2-1/2"]
[Termination "normal"]
[Board "7.1"]
[WhiteElo "2218"]
[BlackElo "2145"]
[WhiteTeam "SG Blau-Weiß Stadtilm"]
[BlackTeam "Sfr.Neuberg"]
[PlyCount "141"]
[WhiteFideId "4674766"]
[BlackFideId "24647098"]
[EventCountry "GER"]
[EventRounds "7"]
[EventType "team-swiss"]
[EventDate "2009.12.26"]

1. e4 e5 2. Nc3 Nf6 3. Nf3 Nc6 4. Bb5 Bb4 5. O-O O-O 6. d3 d6 7. Bg5 Bxc3 8.
bxc3 Qe7 9. h3 Nd8 10. Re1 c6 11. Bc4 Be6 12. Bb3 h6 13. Bxf6 Qxf6 14. d4 exd4
15. cxd4 d5 16. c3 dxe4 17. Rxe4 Bf5 18. Re3 Ne6 19. Ne5 Rad8 20. Qf3 Ng5 21.
Qe2 Be6 22. h4 Nh7 23. g3 Bxb3 24. axb3 a6 25. b4 Qf5 26. Nd3 Nf6 27. Ra5 Qh3
28. Nf4 Qc8 29. Re7 Rfe8 30. Rae5 Rxe7 31. Rxe7 Re8 32. Nd3 Qd8 33. Re5 Rxe5
34. Qxe5 b6 35. Qe1 Kh7 36. Qa1 Qd5 37. Qxa6 Qf3 38. Ne5 Qxc3 39. Qxb6 Qe1+ 40.
Kg2 Qe4+ 41. Nf3 g5 42. Qc7 Qd5 43. hxg5 hxg5 44. Qe5 Kg7 45. Qxg5+ Qxg5 46.
Nxg5 Nd5 47. f4 f5 48. Kf3 Nxb4 49. Ke2 Kf6 50. Kd2 Kg6 51. Nf3 Nd5 52. Ne5+
Kh5 53. Ke2 Nb4 54. Kd2 Nd5 55. Kd3 Nf6 56. Nxc6 Kg4 57. Ne5+ Kxg3 58. Ng6 Nd5
59. Kc4 Nxf4 60. Nxf4 Kxf4 61. d5 Kg3 62. d6 f4 63. d7 f3 64. d8=Q f2 65. Qd1
Kg2 66. Qg4+ Kh1 67. Qf3+ Kg1 68. Qg3+ Kh1 69. Qd3 Kg1 70. Qd4 Kh1 71. Qxf2
1/2-1/2

[Event "DVM U20 2009"]
[Site "Chemnitz GER"]
[Date "2009.12.27"]
[Round "1"]
[White "Knickel, Aaron"]
[Black "Hoffmann, Lena"]
[Result "1-0"]
[Termination "normal"]
[Board "7.2"]
[WhiteElo "2111"]
[BlackElo "1855"]
[WhiteTeam "Sfr.Neuberg"]
[BlackTeam "SG Blau-Weiß Stadtilm"]
[PlyCount "91"]
[WhiteFideId "24605298"]
[BlackFideId "24626597"]
[EventCountry "GER"]
[EventRounds "7"]
[EventType "team-swiss"]
[EventDate "2009.12.26"]

1. d3 b6 2. e4 Bb7 3. Nd2 d6 4. f4 e6 5. Ngf3 Nd7 6. b3 Ngf6 7. Bb2 Be7 8. Qe2
O-O 9. Rg1 c5 10. g4 Qc7 11. f5 Rfd8 12. g5 Ne8 13. f6 Bf8 14. fxg7 Bxg7 15.
Bxg7 Nxg7 16. h4 b5 17. Bh3 Rac8 18. c4 a6 19. Nh2 Qa5 20. Ng4 Qc3 21. Rd1 bxc4
22. bxc4 d5 23. cxd5 exd5 24. Nf6+ Nxf6 25. Bxc8 Bxc8 26. gxf6 Qxf6 27. Nf3
dxe4 28. dxe4 Rxd1+ 29. Qxd1 Qc3+ 30. Qd2 Qxd2+ 31. Kxd2 f6 32. Rb1 Kf7 33. Rb6
Ne8 34. Kd3 Ke7 35. Rc6 c4+ 36. Rxc4 Bd7 37. Rc5 Kf7 38. Nd4 Kg6 39. Ke3 h6 40.
Kf4 Kg7 41. Rd5 Bh3 42. Nf5+ Kg6 43. h5+ Kh7 44. Rd7+ Kg8 45. Nxh6+ Kh8 46. Nf5
1-0

[Event "DVM U20 2009"]
[Site "Chemnitz GER"]
[Date "2009.12.27"]
[Round "1"]
[White "Wolff, Christoph"]
[Black "Seifert, Christopher"]
[Result "0-1"]
[Termination "normal"]
[Board "7.3"]
[WhiteElo "1812"]
[BlackElo "2109"]
[WhiteTeam "SG Blau-Weiß Stadtilm"]
[BlackTeam "Sfr.Neuberg"]
[PlyCount "72"]
[WhiteFideId "24659495"]
[BlackFideId "24615293"]
[EventCountry "GER"]
[EventRounds "7"]
[EventType "team-swiss"]
[EventDate "2009.12.26"]

1. e4 c5 2. Nf3 e6 3. d4 cxd4 4. Nxd4 Nf6 5. Nc3 Nc6 6. Be3 Bb4 7. f3 d5 8. Bb5
Bd7 9. Bxc6 bxc6 10. e5 Ng8 11. Nb3 f6 12. f4 Qc7 13. Bc5 Rb8 14. Bxb4 Rxb4 15.
O-O f5 16. a3 Rb8 17. Na4 Ne7 18. Kh1 O-O 19. Qd4 Rb6 20. Nxb6 axb6 21. c4 c5
22. Qd3 Bc6 23. Nd2 Rd8 24. Qg3 Qd7 25. b4 b5 26. cxb5 Bxb5 27. Rfc1 c4 28. Nf3
d4 29. Rd1 d3 30. Rac1 Qc8 31. Qh4 h6 32. Nd2 Re8 33. Nb1 Ba4 34. Rd2 Bb3 35.
Rxd3 cxd3 36. Rxc8 Nxc8 0-1

[Event "DVM U20 2009"]
[Site "Chemnitz GER"]
[Date "2009.12.27"]
[Round "1"]
[White "Hummel, Dennis"]
[Black "Kinzel, Tiffany"]
[Result "1-0"]
[Termination "normal"]
[Board "7.4"]
[WhiteElo "2031"]
[BlackElo "1566"]
[WhiteTeam "Sfr.Neuberg"]
[BlackTeam "SG Blau-Weiß Stadtilm"]
[PlyCount "89"]
[WhiteFideId "4638336"]
[BlackFideId "4633741"]
[EventCountry "GER"]
[EventRounds "7"]
[EventType "team-swiss"]
[EventDate "2009.12.26"]

1. e4 c5 2. Nc3 e6 3. g3 Nc6 4. Bg2 Nge7 5. f4 g6 6. Nf3 Bg7 7. O-O O-O 8. d3
d5 9. e5 a6 10. Ne2 b5 11. g4 Bb7 12. Ng3 Qb6 13. c3 Rfd8 14. d4 cxd4 15. cxd4
Rac8 16. Bh3 Rc7 17. Kh1 Na7 18. f5 Nec6 19. Bg5 Rdc8 20. Bf6 Bf8 21. Ne2 Nb4
22. Nc3 a5 23. a3 Nbc6 24. Ne2 b4 25. Qe1 Nb5 26. Rd1 bxa3 27. bxa3 Nxa3 28.
Qh4 Ba6 29. Ng5 h6 30. fxg6 fxg6 31. Nxe6 Rh7 32. Nxf8 Rxf8 33. Rf2 Bxe2 34.
Rxe2 Nxd4 35. Qf2 Nab5 36. e6 Qc6 37. Rxd4 Nxd4 38. Qxd4 Rb7 39. Re1 Rb4 40.
Qe5 Re4 41. Rxe4 dxe4 42. e7 Re8 43. Bf1 e3+ 44. Kg1 Qb6 45. Qd5+ 1-0

[Event "DVM U20 2009"]
[Site "Chemnitz GER"]
[Date "2009.12.27"]
[Round "1"]
[White "George, Tom"]
[Black "Iwanziw, Niklas"]
[Result "0-1"]
[Termination "normal"]
[Board "7.5"]
[WhiteElo "1650"]
[BlackElo "1902"]
[WhiteTeam "SG Blau-Weiß Stadtilm"]
[BlackTeam "Sfr.Neuberg"]
[PlyCount "52"]
[WhiteFideId "24659487"]
[BlackFideId "24647101"]
[EventCountry "GER"]
[EventRounds "7"]
[EventType "team-swiss"]
[EventDate "2009.12.26"]

1. Nc3 c5 2. Nf3 Nc6 3. e4 e5 4. Bb5 d6 5. d3 Be7 6. O-O Nf6 7. Nd5 O-O 8. c3
Be6 9. Ne3 a6 10. Ba4 b5 11. Bb3 d5 12. exd5 Nxd5 13. Nxd5 Bxd5 14. Bxd5 Qxd5
15. Qe2 Rad8 16. Ne1 Rfe8 17. Qg4 Na5 18. f4 c4 19. dxc4 Nxc4 20. f5 Kh8 21.
Kh1 Qd1 22. Qxd1 Rxd1 23. b3 Nd2 24. Bxd2 Rxa1 25. h3 Rd8 26. Be3 Bh4 0-1

[Event "DVM U20 2009"]
[Site "Chemnitz GER"]
[Date "2009.12.27"]
[Round "1"]
[White "Kulke, Tobias"]
[Black "Kappe, Benedikt"]
[Result "1-0"]
[Termination "normal"]
[Board "8.1"]
[WhiteElo "2144"]
[BlackElo "2027"]
[WhiteTeam "USG Chemnitz"]
[BlackTeam "SV 1947 Walldorf"]
[PlyCount "59"]
[WhiteFideId "24607703"]
[BlackFideId "24629855"]
[EventCountry "GER"]
[EventRounds "7"]
[EventType "team-swiss"]
[EventDate "2009.12.26"]

1. e4 d5 2. exd5 Qxd5 3. Nc3 Qa5 4. d4 Nf6 5. Bd3 c6 6. Nge2 Bg4 7. f3 Bh5 8.
a3 e6 9. Bf4 Nbd7 10. b4 Qd8 11. Ne4 Nxe4 12. fxe4 e5 13. dxe5 g5 14. Be3 Nxe5
15. Qd2 h6 16. O-O Bg7 17. Rae1 Qc7 18. Kh1 Bg6 19. Bg1 O-O 20. Ng3 Ng4 21. Qe2
h5 22. Nf5 Bc3 23. Rd1 Rae8 24. Qf3 Re5 25. Qg3 Bxf5 26. Rxf5 Qb8 27. Rff1 Nh6
28. Bc4 Bb2 29. Bc5 Rfe8 30. Qb3 1-0

[Event "DVM U20 2009"]
[Site "Chemnitz GER"]
[Date "2009.12.27"]
[Round "1"]
[White "Brede, Fabian"]
[Black "Eidner, Falk"]
[Result "1/2-1/2"]
[Termination "normal"]
[Board "8.2"]
[WhiteElo "1840"]
[BlackElo "1983"]
[WhiteTeam "SV 1947 Walldorf"]
[BlackTeam "USG Chemnitz"]
[PlyCount "54"]
[WhiteFideId "24665444"]
[BlackFideId "24634557"]
[EventCountry "GER"]
[EventRounds "7"]
[EventType "team-swiss"]
[EventDate "2009.12.26"]

1. d4 e6 2. c4 Nf6 3. Nc3 Bb4 4. Qc2 c5 5. dxc5 O-O 6. Nf3 Na6 7. Bg5 Nxc5 8.
a3 Bxc3+ 9. Qxc3 Nfe4 10. Bxd8 Nxc3 11. Be7 Nb3 12. Bxf8 Kxf8 13. Rd1 Nxd1 14.
Kxd1 b6 15. e3 a5 16. Bd3 Bb7 17. Ke2 h6 18. e4 d6 19. Ke3 a4 20. Nd4 Na5 21.
Nb5 Ke7 22. Rd1 Rc8 23. Be2 Rd8 24. Nc3 Bc6 25. g3 Rc8 26. f4 f6 27. f5 e5
1/2-1/2

[Event "DVM U20 2009"]
[Site "Chemnitz GER"]
[Date "2009.12.27"]
[Round "1"]
[White "Oltmanns, Ingmar"]
[Black "Busch, Christian"]
[Result "1/2-1/2"]
[Termination "normal"]
[Board "8.3"]
[WhiteElo "1944"]
[BlackElo "1703"]
[WhiteTeam "USG Chemnitz"]
[BlackTeam "SV 1947 Walldorf"]
[PlyCount "87"]
[WhiteFideId "4613910"]
[BlackFideId "1270588"]
[EventCountry "GER"]
[EventRounds "7"]
[EventType "team-swiss"]
[EventDate "2009.12.26"]

1. d4 d5 2. c4 e6 3. Nc3 Nf6 4. Bg5 c6 5. Bxf6 Qxf6 6. e3 Nd7 7. Nf3 Qd8 8. Bd3
Be7 9. O-O O-O 10. e4 dxe4 11. Nxe4 Nf6 12. Qe2 b6 13. Nxf6+ Bxf6 14. Qe4 g6
15. h4 Rb8 16. Rad1 Qc7 17. h5 c5 18. d5 exd5 19. cxd5 Bf5 20. Qe2 Bg4 21. hxg6
hxg6 22. Rfe1 Bd4 23. Qe4 Bxf3 24. Qxf3 Bxb2 25. Re4 Rbe8 26. Rde1 Qd7 27. Bc2
Bd4 28. a4 Kg7 29. Bb3 Rxe4 30. Qxe4 f5 31. Qf4 Re8 32. Rxe8 Qxe8 33. g3 Qe1+
34. Kg2 Qe4+ 35. Qxe4 fxe4 36. d6 Kf8 37. Bd5 e3 38. fxe3 Bxe3 39. Kf3 Bd2 40.
Ke4 Be1 41. g4 Bg3 42. d7 Ke7 43. Bc6 Bc7 44. Kd5 1/2-1/2

[Event "DVM U20 2009"]
[Site "Chemnitz GER"]
[Date "2009.12.27"]
[Round "1"]
[White "Buchholz, Daniel"]
[Black "Rosenblatt, Marcus"]
[Result "0-1"]
[Termination "normal"]
[Board "8.4"]
[WhiteElo "1484"]
[BlackElo "1959"]
[WhiteTeam "SV 1947 Walldorf"]
[BlackTeam "USG Chemnitz"]
[PlyCount "74"]
[WhiteFideId "1270589"]
[BlackFideId "24627453"]
[EventCountry "GER"]
[EventRounds "7"]
[EventType "team-swiss"]
[EventDate "2009.12.26"]

1. c4 Nf6 2. g3 g6 3. Bg2 Bg7 4. e3 O-O 5. Ne2 d6 6. d4 c5 7. O-O Nc6 8. Nbc3
Rb8 9. a3 a6 10. Rb1 Na5 11. b3 Bf5 12. e4 Bd7 13. Be3 b6 14. d5 Qc7 15. f3 b5
16. cxb5 axb5 17. a4 bxa4 18. bxa4 Nc4 19. Bf2 Rxb1 20. Nxb1 Nb2 21. Qc2 Nxa4
22. Nbc3 Nxc3 23. Nxc3 Rb8 24. Rb1 e6 25. Rxb8+ Qxb8 26. Qa2 Ng4 27. dxe6 Bxe6
28. Qb1 Qxb1+ 29. Nxb1 Nxf2 30. Kxf2 Kf8 31. Ke2 Bc4+ 32. Kd2 Ke7 33. Nc3 Kd7
34. Bh3+ Kc6 35. f4 Bd4 36. Bg2 Bg1 37. e5+ d5 0-1